| 000 | 00455nam a2200133 a 4500 | ||
|---|---|---|---|
| 008 | 120416s9999 ||||||||||||||||| || u | ||
| 050 | _aNA 9031 Dan | ||
| 100 | _aDantzig, George Bernard | ||
| 245 | 1 | 0 | _aCompact city |
| 246 | _aa plan for a liveable urban environment | ||
| 260 | _a[1973] | ||
| 350 | _a0.00 | ||
| 995 |
_D0.00 _FCBU-MAIN LIBRARY (Kitwe) _H1 _I0.00 _UDAMAGED _ZMain Library Open Access Collection |
||
| 999 |
_c37960 _d37960 |
||